[Event "Staatsliga B - Mitte 2002/03"]
[Site "?"]
[Date "2002.10.12"]
[Round "2.6"]
[White "MITTER, Gerd"]
[Black "ARWANITAKIS, Michael"]
[Result "1/2-1/2"]
[WhiteElo "2187"]
[BlackElo "2190"]
[Annotator "STYRIA GRAZ-TROFAIACH, BFRETT 6"]
[PlyCount "112"]
[EventDate "2002.10.12"]

1. Nf3 Nf6 2. g3 g6 3. Bg2 Bg7 4. O-O O-O 5. c4 d6 6. Nc3 e5 7. d4 Nc6 8. dxe5
Nxe5 9. Nxe5 dxe5 10. Qxd8 Rxd8 11. Bg5 Rd4 12. Nd5 Nxd5 13. cxd5 e4 14. Rfd1
Bf5 15. Rac1 Rxd1+ 16. Rxd1 Bxb2 17. Rb1 Bd4 18. Rxb7 Bb6 19. Bf4 Bc8 20. Rxc7
Bxc7 21. Bxc7 f5 22. f3 e3 23. f4 Bd7 24. d6 Re8 25. Bd5+ Kg7 26. Kg2 h6 27. h4
g5 28. hxg5 hxg5 29. fxg5 Kg6 30. Kf3 Re5 31. Bb7 Kxg5 32. Bd8+ Kg6 33. Kf4 Rb5
34. Ba6 Rb2 35. Kxe3 Rxa2 36. Bd3 Ra4 37. Bc2 Rg4 38. Kf3 Bc6+ 39. Kf2 Bd7 40.
Kf3 Kf7 41. Bc7 Bc6+ 42. Kf2 Ke6 43. Bb3+ Kd7 44. Bc2 Rg5 45. Ke3 Rxg3+ 46. Kf4
Rg4+ 47. Kxf5 Rc4 48. Bd3 Rd4 49. Ke5 Rd5+ 50. Kf6 a5 51. Bf5+ Rxf5+ 52. Kxf5
a4 53. Ke5 a3 54. Ba5 Bg2 55. Bc3 a2 56. Bb2 a1=Q 1/2-1/2

[Event "Staatsliga B - Mitte 2002/03"]
[Site "?"]
[Date "2002.10.12"]
[Round "2.1"]
[White "ZUPE, Miran"]
[Black "RUCK, Robert"]
[Result "0-1"]
[WhiteElo "2378"]
[BlackElo "2572"]
[Annotator "LEIBNITZ-LEOBEN, BRETT 1"]
[PlyCount "48"]
[EventDate "2002.10.12"]

1. e4 c5 2. Nf3 d6 3. Bb5+ Nd7 4. c3 Ngf6 5. d3 a6 6. Ba4 g6 7. O-O Bg7 8. Re1
b5 9. Bc2 O-O 10. Nbd2 Bb7 11. Nf1 e5 12. Ng3 d5 13. h3 Qc7 14. Qe2 Rfe8 15.
Bd2 c4 16. dxc4 bxc4 17. b3 Nc5 18. bxc4 Nfxe4 19. cxd5 Nxg3 20. fxg3 e4 21. g4
exf3 22. Qxe8+ Rxe8 23. Rxe8+ Bf8 24. Bh6 Nd7 0-1

[Event "Staatsliga B - Mitte 2002/03"]
[Site "?"]
[Date "2002.10.12"]
[Round "2.2"]
[White "MANCA, Federico"]
[Black "WEISS, Leo"]
[Result "1/2-1/2"]
[WhiteElo "2349"]
[BlackElo "2207"]
[Annotator "LEIBNITZ-LEOBEN, BRETT 2"]
[PlyCount "111"]
[EventDate "2002.10.12"]

1. e4 d6 2. d4 Nf6 3. Nc3 g6 4. Nf3 Bg7 5. h3 O-O 6. Be3 c6 7. Bd3 e5 8. O-O
Nbd7 9. dxe5 dxe5 10. a4 Qe7 11. Qd2 Nc5 12. Bh6 Rd8 13. Bxg7 Kxg7 14. Qe3 a5
15. Rfd1 Nh5 16. Bf1 Rxd1 17. Rxd1 Nf4 18. Kh2 f6 19. g3 Nfe6 20. Bc4 Bd7 21.
Bxe6 Bxe6 22. Qd2 Re8 23. b3 Bc8 24. Qe3 Ne6 25. Rd2 Rd8 26. Kg2 Rxd2 27. Qxd2
Qb4 28. Qd3 Nd4 29. Nxd4 Qxd4 30. Qxd4 exd4 31. Nd1 Kf7 32. Nb2 b5 33. f4 Ke6
34. g4 Kd6 35. f5 gxf5 36. gxf5 bxa4 37. Nxa4 c5 38. Kf3 Ba6 39. c4 dxc3 40.
Nxc3 Bd3 41. Kf4 Bc2 42. e5+ fxe5+ 43. Kg5 Bxb3 44. Kh6 a4 45. f6 Ke6 46. Kg7
Kd6 47. Nxa4 e4 48. Kxh7 e3 49. Nc3 Ke5 50. Kg7 Kd4 51. Ne2+ Ke4 52. h4 Kd3 53.
Nf4+ Ke4 54. Ne2 Kd3 55. Nf4+ Ke4 56. Ne2 1/2-1/2

[Event "Staatsliga B - Mitte 2002/03"]
[Site "?"]
[Date "2002.10.12"]
[Round "2.4"]
[White "SCHEIN, Karl-Heinz"]
[Black "RANEGGER, Martin"]
[Result "1-0"]
[WhiteElo "2232"]
[BlackElo "2119"]
[Annotator "LEIBNITZ-LEOBEN, BRETT 4"]
[PlyCount "87"]
[EventDate "2002.10.12"]

1. d4 Nf6 2. c4 c5 3. d5 b5 4. cxb5 a6 5. bxa6 Bxa6 6. Nc3 d6 7. Nf3 g6 8. g3
Bg7 9. Bh3 O-O 10. O-O Nbd7 11. Qc2 Nb6 12. Rd1 Ra7 13. e4 Qa8 14. Rb1 Ne8 15.
b3 Nc7 16. Bb2 Bc8 17. Bxc8 Qxc8 18. a4 Qd7 19. Nd2 f5 20. Nc4 Nxc4 21. bxc4 f4
22. Nb5 f3 23. Kh1 Raa8 24. Bxg7 Kxg7 25. Qc3+ Kg8 26. a5 Ne8 27. e5 Qh3 28.
Rg1 Rf5 29. g4 Rxe5 30. Rg3 Qh4 31. Qxf3 Nf6 32. Nc7 Rc8 33. Ne6 Ne4 34. a6 Nd2
35. Qd3 Nxb1 36. Qxb1 Qf6 37. Qb7 Rf8 38. f4 Re2 39. Qb1 Rb2 40. Qc1 Ra2 41.
Ra3 Rxa3 42. Qxa3 Ra8 43. a7 Qh4 44. Qb2 1-0

[Event "Staatsliga B - Mitte 2002/03"]
[Site "?"]
[Date "2002.10.13"]
[Round "3.3"]
[White "SANDHOEFNER, Florian"]
[Black "JANZ, Frerik"]
[Result "0-1"]
[WhiteElo "2259"]
[BlackElo "2366"]
[PlyCount "83"]
[EventDate "2002.10.13"]

1. e4 c5 2. Nf3 Nc6 3. d4 cxd4 4. Nxd4 Nf6 5. Nc3 e5 6. Ndb5 d6 7. Bg5 a6 8.
Na3 b5 9. Nd5 Qa5+ 10. Bd2 Qd8 11. Bg5 Be7 12. Bxf6 Bxf6 13. c3 Ne7 14. Nc2
Nxd5 15. Qxd5 Rb8 16. Nb4 O-O 17. Rd1 Bb7 18. Qd3 a5 19. Nd5 b4 20. cxb4 Bxd5
21. Qxd5 Rxb4 22. b3 a4 23. Bc4 axb3 24. axb3 Rb6 25. Ra1 Qd7 26. O-O g6 27.
Ra2 Kg7 28. Rfa1 Rc8 29. Ra7 Rc7 30. Rxc7 Qxc7 31. Ra8 Qb7 32. Kf1 Qd7 33. f3
Bg5 34. Ke2 Rc6 35. Qb5 Qc7 36. Kd3 d5 37. exd5 e4+ 38. fxe4 Qf4 39. Qb4 Qe3+
40. Kc2 Qc1+ 41. Kd3 Qd1+ 42. Kc3 0-1

[Event "Staatsliga B - Mitte 2002/03"]
[Site "?"]
[Date "2002.10.13"]
[Round "3.4"]
[White "MENACHER, Manfred"]
[Black "TOBER, Gerhard"]
[Result "1-0"]
[WhiteElo "2354"]
[BlackElo "2233"]
[PlyCount "82"]
[EventDate "2002.10.13"]

1. e4 e6 2. d4 b6 3. Nf3 Bb7 4. Bd3 Ne7 5. O-O g6 6. Re1 Bg7 7. Nbd2 d6 8. Nf1
Nd7 9. Qe2 O-O 10. h3 c5 11. c3 cxd4 12. cxd4 e5 13. dxe5 dxe5 14. Bg5 h6 15.
Bh4 Nc5 16. Red1 Nxd3 17. Rxd3 Qe8 18. Rc3 Nc6 19. N1d2 Nd4 20. Nxd4 exd4 21.
Rc7 Bc6 22. Rc1 Bb5 23. Qf3 g5 24. Bg3 Qe6 25. Qa3 Rfc8 26. Qb4 Bc6 27. R1xc6
Qxc6 28. Rxc6 Rxc6 29. e5 d3 30. Qd4 Rc2 31. Qxd3 Rxb2 32. a3 Rc8 33. Nc4 Ra2
34. e6 fxe6 35. Qg6 Ra1+ 36. Kh2 Re1 37. Be5 Rxe5 38. Nxe5 Rf8 39. Qxe6+ Kh7
40. Qg6+ Kg8 41. Ng4 Rf4 1-0

[Event "Staatsliga B - Mitte 2002/03"]
[Site "?"]
[Date "2002.10.13"]
[Round "3.5"]
[White "STADLER, Peter"]
[Black "HAGER, Herbert"]
[Result "1/2-1/2"]
[WhiteElo "2187"]
[BlackElo "2142"]
[PlyCount "41"]
[EventDate "2002.10.13"]

1. d4 Nf6 2. Nf3 e6 3. g3 b6 4. Bg2 Bb7 5. c4 Bb4+ 6. Bd2 Qe7 7. O-O O-O 8. Bc1
d5 9. Qc2 Bd6 10. Nc3 Na6 11. a3 c6 12. b3 Rac8 13. Bb2 c5 14. cxd5 exd5 15.
Qd2 Nc7 16. Nh4 Qe6 17. Rad1 Ba8 18. Bf3 h6 19. Bg2 Rfe8 20. Nf3 Rcd8 21. e3
1/2-1/2

[Event "Staatsliga B - Mitte 2002/03"]
[Site "?"]
[Date "2002.10.13"]
[Round "3.6"]
[White "FREIMUELLER, Peter"]
[Black "PETROCZI, Thomas"]
[Result "1-0"]
[WhiteElo "2076"]
[BlackElo "2131"]
[PlyCount "79"]
[EventDate "2002.10.13"]

1. d4 Nf6 2. c4 e6 3. Nc3 Bb4 4. e3 b6 5. Bd3 Bb7 6. Nf3 Ne4 7. Qc2 f5 8. a3
Bxc3+ 9. bxc3 O-O 10. O-O d6 11. Nd2 Nxd2 12. Bxd2 Nd7 13. f3 Qh4 14. Rae1 Nf6
15. Qb3 Kh8 16. c5 d5 17. a4 Rab8 18. Qa3 Qh5 19. a5 Bc6 20. Rb1 b5 21. a6 Bd7
22. c6 Bxc6 23. Bxb5 Qe8 24. c4 dxc4 25. Bxc4 Nd5 26. Qc5 Qd7 27. Rfc1 Rfc8 28.
Rxb8 Rxb8 29. Bxd5 Bxd5 30. Qxc7 Qxc7 31. Rxc7 h6 32. Be1 Rb1 33. Kf2 Ra1 34.
Rxa7 g5 35. Bb4 g4 36. Bd6 gxf3 37. gxf3 Kg8 38. Be5 Kf8 39. Bg7+ Ke8 40. Bxh6
1-0

[Event "Staatsliga B - Mitte 2002/03"]
[Site "?"]
[Date "2002.10.13"]
[Round "3.3"]
[White "IONESCU, Doru Alexandru"]
[Black "STANEC, Nikolaus"]
[Result "0-1"]
[WhiteElo "2433"]
[BlackElo "2523"]
[PlyCount "66"]
[EventDate "2002.10.13"]

1. e4 c6 2. d4 g6 3. f4 d5 4. e5 h5 5. Nf3 Nh6 6. Be3 Qb6 7. b3 Bg4 8. c3 Nf5
9. Bf2 e6 10. h3 Bxf3 11. Qxf3 h4 12. Bd3 c5 13. dxc5 Bxc5 14. Bxc5 Qxc5 15.
Qf2 Qxf2+ 16. Kxf2 Ng3 17. Rd1 Nc6 18. Nd2 g5 19. fxg5 Nxe5 20. Bb5+ Ke7 21.
Re1 Ng6 22. Bd3 Nf4 23. Bf1 Rac8 24. c4 dxc4 25. Bxc4 Rhd8 26. Nf3 Nf5 27. Rad1
Rd6 28. Ne5 Rc5 29. Kf3 Nxg2 30. Kxg2 Rxd1 31. Re4 Rd4 32. Rxd4 Nxd4 33. Nf3
Nxf3 0-1

[Event "Staatsliga B - Mitte 2002/03"]
[Site "?"]
[Date "2002.10.13"]
[Round "3.4"]
[White "WEISS, Christian"]
[Black "BAUMGARTNER, Heinz"]
[Result "1-0"]
[WhiteElo "2422"]
[BlackElo "2398"]
[PlyCount "113"]
[EventDate "2002.10.13"]

1. Nf3 Nf6 2. g3 b6 3. Bg2 Bb7 4. O-O e6 5. d3 d5 6. Nbd2 d4 7. c3 dxc3 8. bxc3
Be7 9. Nc4 O-O 10. Qc2 Nbd7 11. e4 a5 12. Nd4 Nc5 13. Rd1 Qe8 14. Nb3 Rd8 15.
Bf4 Qd7 16. Nxc5 Bxc5 17. d4 Be7 18. Rab1 Qc8 19. h3 Nh5 20. Bc1 f5 21. Qe2 g6
22. exf5 Bxg2 23. Kxg2 Rxf5 24. Re1 Rdf8 25. f4 Ng7 26. Ne3 R5f7 27. Ng4 Kh8
28. Nh6 Rf6 29. h4 Bd6 30. c4 Re8 31. c5 bxc5 32. dxc5 Be7 33. Bb2 Rff8 34. Ng4
Qa8+ 35. Kh2 Qd5 36. Be5 h5 37. Qb2 hxg4 38. Bxg7+ Kh7 39. Bxf8 Bxf8 40. Qc2
Qxc5 41. Qxc5 Bxc5 42. Rb5 Bb4 43. Re2 c5 44. a3 Bxa3 45. Rxa5 Bb4 46. Ra6 c4
47. Ra4 Bf8 48. Rxc4 Kg7 49. Rec2 Kf6 50. Rc8 Rxc8 51. Rxc8 Be7 52. Kg2 e5 53.
Rc6+ Kf5 54. fxe5 g5 55. h5 Kxe5 56. h6 Bf6 57. h7 1-0

[Event "Staatsliga B - Mitte 2002/03"]
[Site "?"]
[Date "2002.10.13"]
[Round "3.5"]
[White "ROLLETSCHEK, Heinrich"]
[Black "KNOLL, Hermann"]
[Result "1/2-1/2"]
[WhiteElo "2261"]
[BlackElo "2365"]
[PlyCount "106"]
[EventDate "2002.10.13"]

1. e4 e6 2. d4 c5 3. d5 exd5 4. exd5 d6 5. Nf3 Be7 6. c4 Nf6 7. Nc3 O-O 8. Bd3
Bg4 9. O-O Nbd7 10. b3 Re8 11. h3 Bxf3 12. Qxf3 Ne5 13. Qd1 Nxd3 14. Qxd3 Nd7
15. Bf4 Bf8 16. Rfe1 Qf6 17. Qg3 a6 18. Rad1 Ne5 19. Ne4 Qf5 20. Nxc5 Qc2 21.
Ne4 Ng6 22. Rd2 Rxe4 23. Rxc2 Rxe1+ 24. Kh2 Nxf4 25. Qxf4 Rae8 26. Qd4 R8e7 27.
Qb6 Rd1 28. Qxd6 Rh1+ 29. Kxh1 Re1+ 30. Kh2 Bxd6+ 31. g3 b6 32. Kg2 Kf8 33. h4
Ke7 34. Kf3 Bc5 35. Kg4 Kd6 36. f4 Re3 37. h5 Bb4 38. Rg2 Be1 39. Rg1 Bc3 40.
Rg2 h6 41. Kf5 b5 42. Rg1 Re2 43. a4 b4 44. Rd1 Bf6 45. Rd3 Rc2 46. g4 Rc3 47.
Ke4 Rxd3 48. Kxd3 Bd8 49. Kd4 Bb6+ 50. Ke4 Bc5 51. g5 a5 52. Kf5 Bd4 53. Ke4
Bc5 1/2-1/2

[Event "Staatsliga B - Mitte 2002/03"]
[Site "?"]
[Date "2002.10.13"]
[Round "3.6"]
[White "TKACZUK, Rainer"]
[Black "WOEBER, Friedrich"]
[Result "1/2-1/2"]
[WhiteElo "2273"]
[BlackElo "2176"]
[PlyCount "76"]
[EventDate "2002.10.13"]

1. e4 d5 2. Nc3 Nf6 3. exd5 Nxd5 4. Bc4 Nb6 5. Bb3 Nc6 6. Qf3 e6 7. Nge2 Na5 8.
d4 Bd7 9. Qg3 Nxb3 10. axb3 Bc6 11. Bf4 Nd5 12. Nxd5 Qxd5 13. f3 Qf5 14. O-O-O
a5 15. d5 Bxd5 16. Nd4 Qg6 17. Nb5 O-O-O 18. c4 Qxg3 19. Bxg3 c6 20. Nc3 Bd6
21. cxd5 Bxg3 22. hxg3 exd5 23. Rde1 Kc7 24. Re7+ Rd7 25. Rhe1 Rhd8 26. Kd2
Rxe7 27. Rxe7+ Rd7 28. Re8 Rd8 29. Rxd8 Kxd8 30. Ne2 Ke7 31. Nf4 Kd6 32. Kc3 c5
33. g4 h6 34. Nh5 g6 35. Nf6 Ke5 36. Nd7+ Kd6 37. Nf6 Ke5 38. Nd7+ Kd6 1/2-1/2

[Event "Staatsliga B - Mitte 2002/03"]
[Site "?"]
[Date "2002.10.13"]
[Round "3.2"]
[White "WATZKA, Horst"]
[Black "TITZ, Heimo"]
[Result "1-0"]
[WhiteElo "2348"]
[BlackElo "2325"]
[PlyCount "155"]
[EventDate "2002.10.13"]

1. e4 c5 2. Nf3 e6 3. b3 Nf6 4. e5 Nd5 5. Bb2 Nc6 6. Nc3 Nxc3 7. Bxc3 b6 8. Bc4
Bb7 9. Qe2 a6 10. O-O Be7 11. Bd3 Qc7 12. a3 f5 13. Rfe1 O-O 14. Qe3 h6 15. Bb2
Rf7 16. c4 g5 17. h3 Raf8 18. Nh2 h5 19. f3 h4 20. Kh1 Rg7 21. Bc2 b5 22. Bc3
Nd8 23. a4 b4 24. Bb2 Nc6 25. Rad1 Qb6 26. Bd3 Na5 27. Bc2 Qc6 28. Re2 Ba8 29.
d4 cxd4 30. Bxd4 Nb7 31. Red2 Nc5 32. Qe2 a5 33. Bb2 Qc8 34. Bd4 Bc6 35. Qe3
Nb7 36. Bd3 Rff7 37. Bc2 Rf8 38. Re2 Qa8 39. Bb1 Nd8 40. Bc2 Rg6 41. Red2 Nf7
42. Bb2 Qb7 43. Rf1 Nh8 44. Rfd1 Rg7 45. Kg1 Ng6 46. Kf1 Nf4 47. Rd6 Nh5 48.
Kg1 Ng3 49. Qd2 Rff7 50. Bd4 Bxd6 51. exd6 e5 52. Be3 g4 53. hxg4 f4 54. Bc5 e4
55. Re1 exf3 56. Re8+ Rf8 57. Rxf8+ Kxf8 58. gxf3 Kg8 59. Qd3 Qc8 60. Bd4 Qf8
61. c5 Qf7 62. Kf2 Rg5 63. Qa6 Qd5 64. Qc8+ Kf7 65. Qh8 Qe6 66. Bd3 Bd5 67.
Qxh4 Rg8 68. g5 Ke8 69. Qxf4 Nh5 70. Qh4 Ng7 71. Qh7 Kf8 72. Ng4 Bxb3 73. Nf6
Bxa4 74. Bg6 Bb5 75. Qh6 Qe2+ 76. Kg3 Qe1+ 77. Bf2 Qe5+ 78. Kg2 1-0

[Event "Staatsliga B - Mitte 2002/03"]
[Site "?"]
[Date "2002.10.13"]
[Round "3.3"]
[White "PETSCHAR, Kurt"]
[Black "SINGER, Richard"]
[Result "1/2-1/2"]
[WhiteElo "2291"]
[BlackElo "2281"]
[PlyCount "31"]
[EventDate "2002.10.13"]

1. e4 c6 2. d4 d5 3. Nc3 g6 4. h3 Bg7 5. Nf3 Nh6 6. Bf4 dxe4 7. Nxe4 Qa5+ 8.
Bd2 Qb6 9. Qc1 Nf5 10. c3 Be6 11. Bd3 Nd7 12. O-O c5 13. dxc5 Nxc5 14. Nxc5
Qxc5 15. Re1 Bd5 16. Be4 1/2-1/2

[Event "Staatsliga B - Mitte 2002/03"]
[Site "?"]
[Date "2002.10.13"]
[Round "3.4"]
[White "WEGERER, Fred"]
[Black "GENSER, Harald"]
[Result "0-1"]
[WhiteElo "2240"]
[BlackElo "2268"]
[PlyCount "148"]
[EventDate "2002.10.13"]

1. d4 d5 2. Nf3 c6 3. e3 Bg4 4. c4 e6 5. Qb3 Qb6 6. Ne5 Bf5 7. Nc3 Qxb3 8. axb3
Bc2 9. Na4 a6 10. Nb6 Ra7 11. c5 Bxb3 12. Nc8 Ra8 13. Nb6 Ra7 14. Kd2 Nf6 15.
Ra3 Ne4+ 16. Ke1 Bc2 17. b4 f6 18. Nf3 Ng5 19. Nd2 Kd8 20. f3 Nf7 21. e4 dxe4
22. fxe4 Ng5 23. Ra2 Bxe4 24. h4 Bd5 25. Nxd5 cxd5 26. hxg5 Nc6 27. Nf3 Nxb4
28. Rb2 Nc6 29. gxf6 gxf6 30. Bh6 Ke8 31. Bd3 Nd8 32. Bxf8 Kxf8 33. Rb6 Ra8 34.
g4 Rc8 35. g5 fxg5 36. Nxg5 Rc6 37. Nxh7+ Ke7 38. Rb2 e5 39. Rg2 Ne6 40. dxe5
Rxc5 41. Kd2 d4 42. Bf5 Rxe5 43. Bxe6 Rxe6 44. Rg7+ Kd6 45. Rxb7 Kc6 46. Ra7
Kb6 47. Rd7 Kc6 48. Rxd4 Rd6 49. Rc1+ Kd7 50. Nf6+ Ke7 51. Re1+ Re6 52. Nd5+
Kd7 53. Nb6+ Ke7 54. Rd7+ Kf6 55. Nd5+ Kf5 56. Ne3+ Kg6 57. Rg1+ Kf6 58. Rf1+
Kg6 59. Rg1+ Kf6 60. Ng4+ Kg6 61. Nh6+ Kf6 62. Rf7+ Ke5 63. Rf5+ Kd4 64. Ra1
Kc4 65. Ng4 Rd8+ 66. Kc2 Re2+ 67. Kc1 Re1+ 68. Kc2 Rxa1 69. Ne3+ Kd4 70. Kb2
Rh1 71. Nc2+ Ke4 72. Rc5 Rb8+ 73. Kc3 Rh3+ 74. Kc4 Rbb3 0-1

[Event "Staatsliga B - Mitte 2002/03"]
[Site "?"]
[Date "2002.10.13"]
[Round "3.5"]
[White "NICKL, Klaus"]
[Black "DOHR, Alexander"]
[Result "1-0"]
[WhiteElo "2203"]
[BlackElo "2161"]
[PlyCount "117"]
[EventDate "2002.10.13"]

1. d4 e6 2. Nf3 b6 3. e3 Nf6 4. Bd3 Be7 5. O-O O-O 6. c4 Bb7 7. Nc3 d5 8. cxd5
exd5 9. b3 Re8 10. Bb2 Ba6 11. Rc1 Bxd3 12. Qxd3 c6 13. Ne2 Bd6 14. Ne5 Qc7 15.
f4 Ne4 16. Nc3 Nxc3 17. Qxc3 Rc8 18. Rf3 f6 19. Rg3 fxe5 20. dxe5 Bf8 21. f5
Qe7 22. e6 Na6 23. Qe5 Qc7 24. f6 Qxe5 25. Bxe5 Nc5 26. f7+ Kh8 27. e7 h5 28.
exf8=Q+ Rxf8 29. Bxg7+ Kh7 30. Bxf8 Rxf8 31. Rf3 Nd3 32. Rc3 Nc5 33. b4 Nd7 34.
Rxc6 Ne5 35. Rc7 Nxf3+ 36. gxf3 Kg7 37. Rxa7 Rc8 38. Rd7 Rc3 39. Kf2 Rc2+ 40.
Kg3 Re2 41. Rxd5 Rxe3 42. Rf5 Kf8 43. Kh4 Re2 44. Kxh5 Rxh2+ 45. Kg6 Rg2+ 46.
Kf6 Rf2 47. Ke6 Re2+ 48. Kf6 Rf2 49. a4 Rf1 50. Ke6 Re1+ 51. Kd6 Rb1 52. Rf4
Rc1 53. Kd5 Rc3 54. Rf6 Ra3 55. Rxb6 Rxa4 56. Ke6 Ra8 57. b5 Rd8 58. Rb7 Ra8
59. Re7 1-0

[Event "Staatsliga B - Mitte 2002/03"]
[Site "?"]
[Date "2002.10.13"]
[Round "3.2"]
[White "BUTUNOI, Alexandru"]
[Black "BUHMANN, Rainer"]
[Result "0-1"]
[WhiteElo "2404"]
[BlackElo "2527"]
[PlyCount "58"]
[EventDate "2002.10.13"]

1. e4 e6 2. d4 d5 3. Nd2 c5 4. exd5 Qxd5 5. Ngf3 cxd4 6. Bc4 Qd6 7. O-O Nf6 8.
Nb3 Nc6 9. Nfxd4 Nxd4 10. Nxd4 a6 11. Re1 Qc7 12. Bb3 Bd7 13. Qf3 Bd6 14. Nf5
Bxh2+ 15. Kh1 O-O-O 16. Nxg7 Be5 17. Qe2 Bd4 18. c3 Bb5 19. Qf3 Bc6 20. Qg3
Qxg3 21. fxg3 Bf2 22. Bg5 Bxe1 23. Rxe1 Ne4 24. Bxd8 Rxd8 25. Kh2 Rd2 26. Ba4
b5 27. Bb3 Ng5 28. Rd1 Rxg2+ 29. Kh1 Rf2+ 0-1

[Event "Staatsliga B - Mitte 2002/03"]
[Site "?"]
[Date "2002.10.13"]
[Round "3.3"]
[White "SCHLINDWEIN, Rolf"]
[Black "SUPANCIC, Darko"]
[Result "0-1"]
[WhiteElo "2426"]
[BlackElo "2381"]
[PlyCount "104"]
[EventDate "2002.10.13"]

1. d4 d6 2. g3 Nf6 3. Bg2 g6 4. Nc3 Bg7 5. e4 O-O 6. Nge2 e5 7. dxe5 dxe5 8.
Bg5 c6 9. Qc1 Nbd7 10. O-O Nc5 11. h3 Ne6 12. Rd1 Qe7 13. Be3 b6 14. a4 Rb8 15.
Kh2 Ba6 16. a5 b5 17. b4 Rbd8 18. Qb2 Bc8 19. Na2 a6 20. c4 h5 21. cxb5 cxb5
22. Bb6 Rxd1 23. Rxd1 Nd7 24. Be3 h4 25. Nac3 hxg3+ 26. fxg3 Bb7 27. Nd5 Qe8
28. Qb3 Nb8 29. Nb6 Qe7 30. Nc3 Nd4 31. Qb2 Nbc6 32. Ncd5 Qd6 33. Rf1 Ne7 34.
Qd2 Bxd5 35. exd5 Nc8 36. Nxc8 Rxc8 37. Qf2 f5 38. Bxd4 exd4 39. Qe2 Be5 40.
Kh1 Bxg3 41. Qd2 Be5 42. Qg5 Qf6 43. Qh6 Rc7 44. Re1 Rh7 45. Qc1 Re7 46. Rg1
Bd6 47. Bf1 Kg7 48. Qc8 Qe5 49. Rg2 Qf4 50. Kg1 Qe3+ 51. Kh1 Qf3 52. Kg1 Bg3
0-1

[Event "Staatsliga B - Mitte 2002/03"]
[Site "?"]
[Date "2002.10.13"]
[Round "3.2"]
[White "FAULAND, Alexander"]
[Black "HEBESBERGER, Thomas"]
[Result "1-0"]
[WhiteElo "2427"]
[BlackElo "2322"]
[Annotator "LEOBEN-STYRIA GRAZ, BRETT 2"]
[PlyCount "115"]
[EventDate "2002.10.13"]

1. c4 Nf6 2. g3 c6 3. Nf3 d5 4. b3 Bg4 5. Bg2 e6 6. O-O Nbd7 7. Bb2 Bd6 8. cxd5
exd5 9. Na3 O-O 10. Nc2 Re8 11. Ne3 Bxf3 12. Bxf3 Be5 13. d4 Bd6 14. Qd3 Ne4
15. Bg2 Qg5 16. Rfe1 h5 17. Nf1 h4 18. Bc1 hxg3 19. hxg3 Qh5 20. Qf3 Qxf3 21.
Bxf3 Bb4 22. Rd1 Nc3 23. Bd2 a5 24. a3 Nxd1 25. axb4 Nxf2 26. Kxf2 axb4 27. Rb1
Nf6 28. Bxb4 Ne4+ 29. Bxe4 Rxe4 30. Bc3 Ra2 31. Nd2 Re8 32. Bb2 f6 33. Nf3 b6
34. Ne1 c5 35. Nd3 Rc8 36. Ke1 Kf7 37. Kd1 g5 38. Kc2 Kg6 39. Rf1 Ra7 40. dxc5
Rc6 41. b4 bxc5 42. bxc5 Re7 43. Kd2 Re4 44. e3 Ra4 45. Bd4 Ra2+ 46. Kc3 Rca6
47. Rb1 Rg2 48. Nb4 Ra3+ 49. Rb3 Ra1 50. Nxd5 Rxg3 51. Rb6 Kf5 52. Kd3 Rd1+ 53.
Kc4 Rc1+ 54. Nc3 g4 55. Rxf6+ Kg5 56. c6 Rh3 57. c7 Rh8 58. Rf5+ 1-0

[Event "Staatsliga B - Mitte 2002/03"]
[Site "?"]
[Date "2002.10.13"]
[Round "3.5"]
[White "WURM, Christoph"]
[Black "BAWART, Markus"]
[Result "0-1"]
[WhiteElo "2155"]
[BlackElo "2337"]
[Annotator "LEOBEN-STYRIA GRAZ, BRETT 5"]
[PlyCount "46"]
[EventDate "2002.10.13"]

1. e4 e5 2. Nf3 Nf6 3. Nxe5 d6 4. Nf3 Nxe4 5. d4 d5 6. Bd3 Nc6 7. O-O Bg4 8.
Re1 f5 9. c3 Be7 10. Qb3 Qd6 11. Ne5 Nxe5 12. dxe5 Qxe5 13. Qb5+ c6 14. Qxb7
O-O 15. Qxc6 Rac8 16. f4 Qb8 17. Qxd5+ Kh8 18. Bxe4 Bc5+ 19. Kh1 fxe4 20. Nd2
e3 21. Ne4 Qxf4 22. Qd3 Bf5 23. Bxe3 Bxe4 0-1

[Event "Staatsliga B - Mitte 2002/03"]
[Site "?"]
[Date "2002.10.13"]
[Round "3.6"]
[White "ARWANITAKIS, Michael"]
[Black "DIETMAYER-KRAEUTLER, Marco"]
[Result "1-0"]
[WhiteElo "2190"]
[BlackElo "2102"]
[Annotator "LEOBEN-STYRIA GRAZ, BRETT 6"]
[PlyCount "129"]
[EventDate "2002.10.13"]

1. e4 d5 2. Nc3 d4 3. Nce2 e5 4. Ng3 Bd6 5. Nf3 Be6 6. c3 c5 7. Bb5+ Nc6 8.
Bxc6+ bxc6 9. d3 Ne7 10. Ng5 Qc8 11. O-O f6 12. Nxe6 Qxe6 13. Qa4 O-O 14. b3
Bc7 15. Ba3 Bb6 16. cxd4 cxd4 17. Rac1 c5 18. Bxc5 Rfc8 19. Bxe7 Qxe7 20. Rc4
Rc5 21. Rfc1 Rac8 22. Qa6 R8c7 23. b4 Rxc4 24. Rxc4 Rxc4 25. Qxc4+ Kf8 26. Nf5
Qd7 27. g3 g6 28. Nh4 Kg7 29. Nf3 Qa4 30. Kg2 Qa3 31. Nd2 Qb2 32. Nf3 Qa3 33.
Ne1 Qb2 34. a4 Qa1 35. a5 Bd8 36. Nc2 Qd1 37. Na3 f5 38. exf5 gxf5 39. Nb5 f4
40. Qd5 Qxd3 41. Nd6 f3+ 42. Qxf3 Qxf3+ 43. Kxf3 Kf6 44. a6 Ke6 45. Nc8 Kd5 46.
Nxa7 e4+ 47. Ke2 d3+ 48. Kf1 Kc4 49. Nb5 Bb6 50. a7 Bxa7 51. Nxa7 Kxb4 52. Ke1
Kc3 53. Kd1 d2 54. Nc6 e3 55. fxe3 Kd3 56. e4 Kxe4 57. Kxd2 Kf3 58. Nd4+ Kg2
59. Ke3 Kxh2 60. Kf4 h5 61. Nf3+ Kh3 62. Nh4 Kh2 63. Nf5 Kh3 64. Kf3 Kh2 65.
Ng7 1-0

[Event "Staatsliga B - Mitte 2002/03"]
[Site "?"]
[Date "2002.10.13"]
[Round "3.1"]
[White "ZAJA, Ivan"]
[Black "ZUPE, Miran"]
[Result "1/2-1/2"]
[WhiteElo "2433"]
[BlackElo "2378"]
[Annotator "TROFAIACH-LEIBNITZ, BRETT 1"]
[PlyCount "69"]
[EventDate "2002.10.13"]

1. d4 Nf6 2. c4 e6 3. Nc3 d5 4. cxd5 exd5 5. Bg5 c6 6. e3 Be7 7. Bd3 Nbd7 8.
Qc2 Nf8 9. Nf3 g6 10. h3 Ne6 11. Bh4 Nh5 12. Bxe7 Qxe7 13. O-O-O Nf6 14. g4 Bd7
15. Kb1 Nc7 16. Ne5 O-O-O 17. Na4 Kb8 18. Nc5 Bc8 19. Qb3 Ka8 20. Rc1 Ne6 21.
Qa4 Rd6 22. Qa3 Re8 23. Nb3 Nd8 24. Nc5 Ng8 25. Rhe1 f6 26. Nf3 b6 27. Na4 Kb8
28. Nc3 Re6 29. Qxe7 R6xe7 30. b4 a6 31. a4 b5 32. Kb2 Nf7 33. e4 dxe4 34. Nxe4
f5 35. gxf5 1/2-1/2

[Event "Staatsliga B - Mitte 2002/03"]
[Site "?"]
[Date "2002.10.13"]
[Round "3.2"]
[White "LEITNER, Kurt"]
[Black "BUKAL, Vladimir Jun"]
[Result "1/2-1/2"]
[WhiteElo "2153"]
[BlackElo "2409"]
[Annotator "TROFAIACH-LEIBNITZ, BRETT 2"]
[PlyCount "27"]
[EventDate "2002.10.13"]

1. e4 e6 2. d4 d5 3. e5 c5 4. c3 Nc6 5. Nf3 Bd7 6. a3 Rc8 7. b4 cxd4 8. cxd4 b5
9. Be2 Qb6 10. O-O Nge7 11. Bb2 Nf5 12. g4 Nh6 13. h3 f6 14. Qd3 1/2-1/2

[Event "Staatsliga B - Mitte 2002/03"]
[Site "?"]
[Date "2002.10.13"]
[Round "3.3"]
[White "BUKAL, Vladimir"]
[Black "HERRMANN, Johann"]
[Result "1-0"]
[WhiteElo "2420"]
[BlackElo "2182"]
[Annotator "TROFAIACH-LEIBNITZ, BRETT 3"]
[PlyCount "75"]
[EventDate "2002.10.13"]

1. c4 c5 2. Nc3 Nc6 3. Nf3 Nf6 4. g3 g6 5. Bg2 Bg7 6. d4 cxd4 7. Nxd4 O-O 8.
O-O Qb6 9. Nc2 d6 10. b3 Ne5 11. h3 Bd7 12. e4 a5 13. Be3 Qd8 14. Qd2 Bxh3 15.
f3 Qd7 16. Rad1 Bxg2 17. Kxg2 h5 18. a4 Rfc8 19. Bd4 Qe8 20. Ne3 Ned7 21. Nb5
Bh6 22. Qe2 Bxe3 23. Qxe3 Ra6 24. Rh1 Qf8 25. Rh4 Qg7 26. Bc3 Ne5 27. Nd4 Raa8
28. Rdh1 e6 29. g4 hxg4 30. Rh8+ Qxh8 31. Rxh8+ Kxh8 32. Qh6+ Kg8 33. f4 Nxe4
34. Ba1 Rc5 35. Nxe6 fxe6 36. fxe5 Rf8 37. Qxg6+ Kh8 38. exd6+ 1-0

[Event "Staatsliga B - Mitte 2002/03"]
[Site "?"]
[Date "2002.10.13"]
[Round "3.4"]
[White "KRATSCHMER, Heinz"]
[Black "ASCHENBRENNER, Robert"]
[Result "1/2-1/2"]
[WhiteElo "2096"]
[BlackElo "2230"]
[Annotator "TROFAIACH-LEIBNITZ, BRETT 4"]
[PlyCount "35"]
[EventDate "2002.10.13"]

1. d4 d5 2. Nf3 Nc6 3. Bf4 Bg4 4. e3 e6 5. c4 Bd6 6. Bg3 Nge7 7. Nc3 h6 8. Rc1
O-O 9. Be2 dxc4 10. Bxc4 a6 11. O-O Ng6 12. Be2 Bxg3 13. hxg3 Qe7 14. a3 Rfd8
15. Qc2 Bf5 16. e4 Bg4 17. d5 Nb8 18. Rfd1 1/2-1/2